<?xml version="1.0" encoding="UTF-8"?>
<record
    xmlns:xsi="http://www.w3.org/2001/XMLSchema-instance"
    xsi:schemaLocation="http://www.loc.gov/MARC21/slim http://www.loc.gov/standards/marcxml/schema/MARC21slim.xsd"
    xmlns="http://www.loc.gov/MARC21/slim">

  <leader>02427nam a2200385 u 4500</leader>
  <controlfield tag="001">936224</controlfield>
  <controlfield tag="005">20260506155555.0</controlfield>
  <controlfield tag="008">050725s1991                        eng  </controlfield>
  <datafield tag="020" ind1=" " ind2=" ">
    <subfield code="a">9070280434</subfield>
  </datafield>
  <datafield tag="035" ind1=" " ind2=" ">
    <subfield code="a">936224</subfield>
  </datafield>
  <datafield tag="035" ind1=" " ind2=" ">
    <subfield code="a">(OCoLC)757317212</subfield>
  </datafield>
  <datafield tag="040" ind1=" " ind2=" ">
    <subfield code="c">comduadb</subfield>
  </datafield>
  <datafield tag="041" ind1=" " ind2=" ">
    <subfield code="a">eng</subfield>
  </datafield>
  <datafield tag="080" ind1=" " ind2=" ">
    <subfield code="a">L</subfield>
  </datafield>
  <datafield tag="100" ind1=" " ind2="0">
    <subfield code="a">Gonz&#xE1;lez Casanova, Pablo</subfield>
    <subfield code="d">1922-</subfield>
    <subfield code="4">aut</subfield>
    <subfield code="0">(isni)0000000121251923</subfield>
    <subfield code="0">(viaf)27085163</subfield>
    <subfield code="e">aut</subfield>
    <subfield code="9">239281</subfield>
  </datafield>
  <datafield tag="245" ind1="1" ind2="0">
    <subfield code="a">Eight essays on the crisis of development in Latin America</subfield>
  </datafield>
  <datafield tag="260" ind1=" " ind2=" ">
    <subfield code="a">Holanda :</subfield>
    <subfield code="b">CEDLA (Centro de Estudios y Documentacion Latinoamericanos),</subfield>
    <subfield code="c">1991.</subfield>
  </datafield>
  <datafield tag="300" ind1=" " ind2=" ">
    <subfield code="a">143 p&#xE1;ginas</subfield>
  </datafield>
  <datafield tag="520" ind1="3" ind2=" ">
    <subfield code="a">El libro presenta una compilacion de articulos sobre la crisis del desarrollo en America Latina desde la perspectiva de las ciencias sociales. Los aspectos que se discuten de la crisis incluyen la insercion de la region en la economia mundial, la crisis agraria e industrial, el impacto social de los sectores pobres de la poblacion, la perspectiva para la democratizacion y el papel de los nuevos movimientos de resistencia. Contiene los siguientes ensayos:  "The crisis in Latin America as a global phenomenon", Latin America in the world economy", "Land, hunger and power: the agrarian crisis in Latin America", "Rise and decline of industrialization in Latin America", "The social impact of the crisis of development: adjustment with a woman's face", "Political transition in the Latin America: the unchallenged imposition of formal democracy", Power and protest in Latin America", "The crisis of development in Latin America".  </subfield>
  </datafield>
  <datafield tag="650" ind1=" " ind2=" ">
    <subfield code="a">Industrializacion - America Latina</subfield>
    <subfield code="9">40088</subfield>
  </datafield>
  <datafield tag="650" ind1=" " ind2=" ">
    <subfield code="a">America Latina y El Caribe - Econom&#xED;a</subfield>
    <subfield code="9">79681</subfield>
  </datafield>
  <datafield tag="650" ind1=" " ind2=" ">
    <subfield code="a">Pol&#xED;tica agraria - Am&#xE9;rica Latina</subfield>
    <subfield code="9">8587</subfield>
  </datafield>
  <datafield tag="650" ind1=" " ind2="7">
    <subfield code="a">Democracia</subfield>
    <subfield code="z">Am&#xE9;rica Latina</subfield>
    <subfield code="2">lemb</subfield>
    <subfield code="9">42005</subfield>
  </datafield>
  <datafield tag="650" ind1=" " ind2=" ">
    <subfield code="a">Sistemas politicos - America Latina</subfield>
    <subfield code="9">175326</subfield>
  </datafield>
  <datafield tag="650" ind1=" " ind2="7">
    <subfield code="a">Movimientos sociales</subfield>
    <subfield code="z">Am&#xE9;rica Latina</subfield>
    <subfield code="2">lemb</subfield>
    <subfield code="9">36081</subfield>
  </datafield>
  <datafield tag="650" ind1=" " ind2=" ">
    <subfield code="a">Desarrollo - Am&#xE9;rica Latina</subfield>
    <subfield code="9">121671</subfield>
  </datafield>
  <datafield tag="700" ind1="1" ind2="0">
    <subfield code="a">Fitzgerald, Edmund Valpy Knox</subfield>
    <subfield code="4">aut</subfield>
    <subfield code="e">aut</subfield>
    <subfield code="9">533572</subfield>
  </datafield>
  <datafield tag="700" ind1="1" ind2="0">
    <subfield code="a">Redclift, Michael</subfield>
    <subfield code="4">aut</subfield>
    <subfield code="e">aut</subfield>
    <subfield code="9">505292</subfield>
  </datafield>
  <datafield tag="700" ind1="1" ind2="0">
    <subfield code="a">Fortin, Carlos</subfield>
    <subfield code="4">aut</subfield>
    <subfield code="e">aut</subfield>
    <subfield code="9">497690</subfield>
  </datafield>
  <datafield tag="700" ind1="1" ind2="0">
    <subfield code="a">Stolcke, Verena</subfield>
    <subfield code="4">aut</subfield>
    <subfield code="e">aut</subfield>
    <subfield code="9">504513</subfield>
  </datafield>
  <datafield tag="700" ind1="1" ind2="0">
    <subfield code="a">Rojas, Fernando</subfield>
    <subfield code="4">aut</subfield>
    <subfield code="e">aut</subfield>
  </datafield>
  <datafield tag="700" ind1="1" ind2="0">
    <subfield code="a">Touraine, Alain,</subfield>
    <subfield code="d">1925-2023</subfield>
    <subfield code="4">aut</subfield>
    <subfield code="e">aut</subfield>
    <subfield code="9">242145</subfield>
  </datafield>
  <datafield tag="700" ind1="1" ind2="0">
    <subfield code="a">Cardoso, Fernando Henrique,</subfield>
    <subfield code="d">1931-</subfield>
    <subfield code="4">aut</subfield>
    <subfield code="0">(isni)0000 0001 2144 694X</subfield>
    <subfield code="0">(viaf)97719834</subfield>
    <subfield code="e">aut</subfield>
    <subfield code="9">242297</subfield>
  </datafield>
  <datafield tag="942" ind1=" " ind2=" ">
    <subfield code="c">BOOK</subfield>
  </datafield>
  <datafield tag="999" ind1=" " ind2=" ">
    <subfield code="c">359727</subfield>
    <subfield code="d">359727</subfield>
  </datafield>
  <datafield tag="952" ind1=" " ind2=" ">
    <subfield code="0">0</subfield>
    <subfield code="1">0</subfield>
    <subfield code="4">0</subfield>
    <subfield code="7">0</subfield>
    <subfield code="8">GENERAL</subfield>
    <subfield code="a">IEP</subfield>
    <subfield code="b">IEP</subfield>
    <subfield code="d">2005-07-25</subfield>
    <subfield code="e">Material adquirido por donaci&#xF3;n</subfield>
    <subfield code="i">C874335</subfield>
    <subfield code="l">0</subfield>
    <subfield code="o">L00708</subfield>
    <subfield code="p">0602267</subfield>
    <subfield code="r">2023-04-26 00:00:00</subfield>
    <subfield code="t">1</subfield>
    <subfield code="w">2023-04-26</subfield>
    <subfield code="y">BOOK</subfield>
  </datafield>
</record>
